000 00360nam a2200133 a 4500
001 4144
005 20140414131952.0
008 090317s19uu xx 00 eng d
050 _aTR 372.46
_bM27R 2004
100 _aMah, May S. M.
245 _aRick and his trick :
_binstructions words ending with consonant diagraph CK.
999 _c112824
_d112824